Qatah Kalami (Record no. 17695)

000 -LEADER
fixed length control field 00378nam a22001337a 4500
082 ## - DEWEY DECIMAL CLASSIFICATION NUMBER
Classification number 891.4391
100 ## - MAIN ENTRY--AUTHOR NAME
Personal name Anwar Masood
245 ## - TITLE STATEMENT
Title Qatah Kalami
Statement of responsibility Anwar Masood
260 ## - PUBLICATION, DISTRIBUTION, ETC. (IMPRINT)
Place of publication Islamabad
Name of publisher Aaqib Publishers
Year of publication 1986
300 ## - PHYSICAL DESCRIPTION
Other physical details 14x21 cm
-- HB
Number of Pages 152 Pages
500 ## - GENERAL NOTE
General note Urdu Poetry.
650 ## - SUBJECT ADDED ENTRY--TOPICAL TERM
Topical Term Literature - Poetry
-- Literature - Urdu Poetry
-- Urdu Literature - Poetry
942 ## - ADDED ENTRY ELEMENTS (KOHA)
Koha item type Books
Holdings
Withdrawn status Lost status Collection code Permanent Location Current Location Shelving location Date acquired Source of acquisition Cost, normal purchase price Full call number Accession Number Koha item type
    Non-fiction Garrison Public Library Multan Garrison Public Library Multan General Stacks 2017-02-15 MSL 45.00 891.4391 A637Q 1986 26221 Books

Copyright © 2018. Powered by GPL Web Admin